书目信息 |
| 题名: |
堤防工程地质勘察与评价
|
|
| 作者: | 李广诚 , 司富安 , 杜忠信 编著 | |
| 分册: | ||
| 出版信息: | 北京 中国水利水电出版社 2004.01 |
|
| 页数: | 242页 | |
| 开本: | 26cm | |
| 丛书名: | ||
| 单 册: | ||
| 中图分类: | TV8 | |
| 科图分类: | ||
| 主题词: | 治河工程--zhi he gong cheng--防洪工程 | |
| 电子资源: | ||
| ISBN: | 7-5084-1749-6 | |
| 000 | 00980nam0 2200265 45 | |
| 001 | 012007394593 | |
| 005 | 20071109081035.89 | |
| 010 | @a7-5084-1749-6@dCNY48.00 | |
| 100 | @a20071108d2004 km y0chi0120 ea | |
| 101 | 0 | @achi |
| 102 | @aCN@b110000 | |
| 105 | @aa a 000yy | |
| 106 | @ar | |
| 200 | 1 | @a堤防工程地质勘察与评价@Adi fang gong cheng di zhi kan cha yu ping jia@f李广诚, 司富安, 杜忠信等编著@Fli guang cheng,si fu an,du zhong xin deng bian zhu |
| 210 | @a北京@c中国水利水电出版社@d2004.01 | |
| 215 | @a242页@c彩图@d26cm | |
| 320 | @a有书目 (第241-242页)。 | |
| 330 | @a本书内容包括概论、堤防工程地质勘察、堤防的一般工程地质条件、堤防主要工程地质问题及分析方法、堤防工程其他建筑物的工程地质条件等。 | |
| 606 | 0 | @a治河工程@Azhi he gong cheng@x防洪工程 |
| 690 | @aTV8@v4 | |
| 701 | 0 | @a李广诚@ALi Guang Cheng@4编著 |
| 701 | 0 | @a司富安@Asi fu an@4编著 |
| 701 | 0 | @a杜忠信@Adu zhong xin@4编著 |
| 801 | 0 | @aCN@b@c20071109 |
| 905 | @b266943-45@dTV8@eL160@f3 | |
| 堤防工程地质勘察与评价/李广诚, 司富安, 杜忠信等编著.-北京:中国水利水电出版社,2004.01 |
| 242页:彩图;26cm |
| ISBN 7-5084-1749-6:CNY48.00 |
| 本书内容包括概论、堤防工程地质勘察、堤防的一般工程地质条件、堤防主要工程地质问题及分析方法、堤防工程其他建筑物的工程地质条件等。 |
| ● |
| 相关链接 |
|
|
|
正题名:堤防工程地质勘察与评价
索取号:TV8/L160
 
预约/预借
| 序号 | 登录号 | 条形码 | 馆藏地/架位号 | 状态 | 备注 |
| 1 | 266943 | 202669433 | 自科库501/501自科库 48排6列2层/ [索取号:TV8/L160] | 在馆 | |
| 2 | 266944 | 202669442 | 自科库501/501自科库 48排6列2层/ [索取号:TV8/L160] | 在馆 | |
| 3 | 266945 | 202669451 | 自科库501/501自科库 48排6列2层/ [索取号:TV8/L160] | 在馆 |